000 01424nam0a22003851 4500
001 RU\NLR\Evr\591
005 20260406155210.0
035 _a(NLR Aleph) 011416985
090 _a11589166
_c11589166
100 _a20061010d1937 u y0rusy50 ca
101 1 _ayid
102 _aRU
105 _ay |||||||||
200 1 _6a01
_7ba
_aVayser shtoystson
_fDzhek London
_gFun english - D. Vendrof
210 _6a01
_aMoskve
_cEmes
_d1937
_7ba
210 _6a01
_9z02
_aמאָסקווע
_cעמעס
_d1937
210 _9z02
_aМосква
_cЭмес
_d1937
_7ca
215 _a314 с.
_d20 см.
510 1 _6a01
_aוויסער שטויסצאָנ
_fדזשעק לאָנדאָנ
_gפונ ענגליש - ד. ווענדראָפ
541 1 _aБелый клык
_zrus
700 1 _4070
_8rus
_7ca
_aЛондон
_bД.
_f1876-1916
_gДжек
_3RU\NLR\AUTH\777462
_9117396
702 1 _6a01
_aВендров
_bЗ.
_f1879-1971
_gЗалман
_3RU\NLR\AUTH\7952441
_4730
_7ca
702 1 _6a01
_aVendrof
_bD.
_4730
_7ba
702 1 _6a01
_aווענדראָף
_b
_4730
790 1 _6a01
_aLondon
_bJ.
_f1876-1916
_gJak
_4070
_7ba
790 1 _6a01
_aלאָנדאָן
_b
_f1876-1916
_gדזשעק
_4070
801 0 _aRU
_bNLR
_c20061010
_gpsbo
801 0 _aRU
_bNLR
_gPSBO
801 1 _aRU
_bNLR
_c20061010
_2rusmarc
801 2 _aRU
_bNLR
_c20080317
_2rusmarc
852 _aNLR
_bОЛСАА/идиш
_jК-5460
942 _cBOOK
980 _aNB
980 1 _aIDISH